Národohospodářské náklady a ceny v dopravě.

Externé náklady automobilovej dopravy: výstavba a údržba ciest, náklady vyvolané dopravnými nehodami, náklady vyvolané exhaláciami a nadmerným dopravným hlukom. Možnosti zahrnutia týchto extermalít (nákladov spätnej väzby) do nákladov účastníkom automobilovej dopravy v rámci daňovej a cenovej politi...

Ausführliche Beschreibung

Gespeichert in:
Bibliographische Detailangaben
1. Verfasser: Zeman, J.
Format: Buchkapitel
Sprache:Tschechisch
Schlagworte:
Tags: Tag hinzufügen
Keine Tags, Fügen Sie das erste Tag hinzu!

MARC

LEADER 00000naa a2200000 4500
001 r011042
005 20220831090333.2
041 0 |a cze 
044 |a [CS] 
245 1 0 |a Národohospodářské náklady a ceny v dopravě.  |c J. Zeman 
520 |a Externé náklady automobilovej dopravy: výstavba a údržba ciest, náklady vyvolané dopravnými nehodami, náklady vyvolané exhaláciami a nadmerným dopravným hlukom. Možnosti zahrnutia týchto extermalít (nákladov spätnej väzby) do nákladov účastníkom automobilovej dopravy v rámci daňovej a cenovej politiky. 
610 2 0 |a náklady národohospodárske 
610 2 0 |a ceny 
610 2 0 |a doprava automobilová 
610 2 0 |a politika dopravná 
610 2 0 |a dane cestné 
610 2 0 |a ČSFR 
610 2 0 |a cesty 
610 2 0 |a exhaláty 
610 2 0 |a nehody dopravné 
610 2 0 |a hluk 
100 1 |a Zeman, J.